| 000 | 01316cab a2200361 4500 | ||
|---|---|---|---|
| 001 | ABS56371 | ||
| 008 | 090401t1996 xxu||||| |||| 00| 0 eng d | ||
| 035 | _a(Sirsi) u23165 | ||
| 041 | _aeng | ||
| 100 | _aSherriff, G. | ||
| 245 | _aService charges : statutory provisions for residential tenants | ||
| 260 | _c1996 | ||
| 350 | _a0 | ||
| 490 |
_aSolicitors` Journal _v140(7) 13 December 1996, 1200-1203(3) |
||
| 520 | _aProvides an up-to-date reference guide for conveyancers summarising all the major statutory provisions on normal residential tenancies. | ||
| 650 | _aHOUSING ACT 1996 | ||
| 650 | _aLANDLORD AND TENANT (COVENANTS) ACT 1995 | ||
| 650 | _aLANDLORD AND TENANT ACT 1985 | ||
| 650 | _aLANDLORD AND TENANT ACT 1987 | ||
| 650 | _aLEASEHOLD REFORM, HOUSING AND URBAN DEVELOPMENT ACT 1993 | ||
| 650 | _aREASONABLENESS | ||
| 650 | _aRECOGNISED TENANTS ASSOCIATIONS | ||
| 650 | _aRENT ACT 1977 | ||
| 650 | _aPROPERTY-RESIDENTIAL PROPERTY-RESIDENTIAL LANDLORD AND TENANT-RESIDENTIAL TENANCIES | ||
| 650 | _aSERVICE CHARGES | ||
| 650 | _aSUPERIOR LANDLORDS | ||
| 650 | _aTIME LIMITS | ||
| 650 | _aVARIATION OF LEASE | ||
| 650 | _aVOUCHERS | ||
| 690 | _aPROPERTY-RESIDENTIAL PROPERTY-RESIDENTIAL LANDLORD AND TENANT-RESIDENTIAL TENANCIES | ||
| 942 | _n0 | ||
| 948 | _c04/03/1997 | ||
| 999 |
_c15509 _d15509 |
||